00762 2200253 4500001002100000005001500021035002500036007000300061008004100064040001700105082001500122084001500137245012000152260004600272300004100318650001300359700002200372850001200394090001900406090002200425110001700447999002200464990002200486INLIS00000000002304320200624015817 a0010-091600000000815ta160930s2015 yoia g | ind d aYOPDYOGbind04223a729.19 a729.19 KAJ 0aKajian prasasti dan sengkalan di makam dan masjid mataram Kotagede /c/ Tim penyusun, Yuwono Sri Suwito...[et.all].3 aYogyakarta :bDinas Kebudayaan DIY,c2015 ax, 115 halaman :bilustrasi ;c20 cm 4aPrasasti aYuwono Sri Suwito aYOPDYOG aDEP 729.19 KAJ aCB-D.11 2015-18842 aTim penyusun aCB-D.11/2015-1884 aCB-D.11/2015-1884